ՀՀ Գիտությունների ազգային ակադեմիայի հիմնարար գիտական գրադարան  =   Fundamental Scientific Library of NAS RA

Դանուբից Գանգես : (Record no. 461860)

MARC details
000 -LEADER
fixed length control field 00762nam a2200217 a 4500
001 - CONTROL NUMBER
control field 000261609
003 - CONTROL NUMBER IDENTIFIER
control field AM-YEHGA
005 - DATE AND TIME OF LATEST TRANSACTION
control field 20250618075421.0
008 - FIXED-LENGTH DATA ELEMENTS--GENERAL INFORMATION
fixed length control field 030912s1957 ai r 000 0 arm d
040 ## - CATALOGING SOURCE
Original cataloging agency AM-YeHGA
041 0# - LANGUAGE CODE
Language code of text/sound track or separate title arm
090 ## - LOCALLY ASSIGNED LC-TYPE CALL NUMBER (OCLC); LOCAL CALL NUMBER (RLIN)
-- 465006
100 1# - MAIN ENTRY--PERSONAL NAME
Personal name Սևունց, Գարեգին Սևիի,
Dates associated with a name 1911-1969
9 (RLIN) 1751
245 10 - TITLE STATEMENT
Title Դանուբից Գանգես :
Remainder of title [Վեպ] /
Statement of responsibility, etc. Գ. Սևունց; Խմբ.՝ Ս. Սարգսյան; Նկ.՝ Ռ. Սարգսյան.
260 ## - PUBLICATION, DISTRIBUTION, ETC.
Place of publication, distribution, etc. Երևան :
Name of publisher, distributor, etc. Հայպետհրատ,
Date of publication, distribution, etc. 1957.
300 ## - PHYSICAL DESCRIPTION
Extent 315 էջ :
Other physical details լուսանկ. ;
Dimensions 21 սմ.
650 14 - SUBJECT ADDED ENTRY--TOPICAL TERM
Topical term or geographic name entry element Հայ գրականություն
General subdivision Վեպ
700 1# - ADDED ENTRY--PERSONAL NAME
Personal name Սարգսյան, Ս.
Relator term խմբ.
Relationship edt
700 1# - ADDED ENTRY--PERSONAL NAME
Personal name Սարգսյան, Ռ.
Relator term նկ.
Relationship art
942 ## - ADDED ENTRY ELEMENTS (KOHA)
Source of classification or shelving scheme Universal Decimal Classification
Koha item type Գրքեր / Books
Holdings
Withdrawn status Lost status Damaged status Not for loan Collection Home library Current library Date acquired Total checkouts Full call number Barcode Date last seen Price effective from Koha item type Public note
        Alpoiajian Individual Collection Fundamental Scientific Library Fundamental Scientific Library 27/04/2021   Կուս/2705 FL0638915 27/04/2021 27/04/2021 Գրքեր / Books ILL Non Circ


ՀՀ ԳԱԱ հիմնարար գիտական գրադարան
ՀՀ,Երևան 0019
Մարշալ Բաղրամյան 24/6
հեռախոս:(374-10) 52-47-50
Հետադարձ կապ

All site content, except where otherwise noted, is licensed under a
Creative Commons License